[Event "African Online-ch Open 2021"]
[Site "Online"]
[Date "2021.02.01"]
[Round "3.12"]
[White "Paiva, Donaldo"]
[Black "Mwashe, Philip"]
[Result "1-0"]
[WhiteElo "2230"]
[BlackElo "1756"]
[Annotator "TA"]
[PlyCount "143"]
[EventDate "2021.02.01"]
[EventType "swiss"]
[EventCountry "NET"]
[SourceTitle "playchess.com"]
[Source "ChessBase"]
[SourceQuality "1"]

{[%evp 16,143,20,17,29,29,31,27,46,37,39,37,34,47,55,47,46,50,81,87,71,52,48,40,51,41,47,46,53,30,36,29,41,35,47,47,72,29,35,25,28,16,78,78,57,62,143,78,97,89,93,38,49,14,32,0,0,-10,0,-3,25,0,0,-6,0,-10,-10,-10,-10,-25,0,0,0,-41,-37,-117,0,-33,-26,-38,-8,0,0,-8,-19,-53,-8,-8,-8,-11,-8,-145,-145,-217,-201,-194,-18,-18,-20,-992,118,125,139,157,94,83,125,122,129,127,760,290,302,300,277,279,304,300,293,284,284,270,29975,29976,29974,29968,29987,29988,29988,29989]} 1. c4 Nf6 2. g3 g6 3. Bg2 Bg7 4. Nc3 O-O 5. Nf3 d6 6. O-O e5 7. d3 Nc6 8. Rb1 a6 9. b4 Nd7 {A26: English Opening vs King's Indian with ...Nc6 and d3.} 10. a4 {[#]} f5 $146 ({Predecessor:} 10... h6 11. b5 axb5 12. axb5 Ne7 13. Bb2 f5 14. Nd2 Rb8 15. Qc2 Nc5 16. Nb3 b6 17. Nxc5 dxc5 {½-½ (39) Syrchikov,A (2399)-Priyanka,K (2134) Moscow 2018}) 11. Bd2 Nf6 {White has an edge.} 12. b5 axb5 13. axb5 Ne7 14. Qb3 Kh8 15. Ra1 Rxa1 16. Rxa1 Be6 17. Ra7 b6 18. Qa4 Nd7 19. Ng5 Bg8 20. Ra8 Nc8 21. Nd5 Nc5 22. Qa3 h6 23. Nf3 Bxd5 24. cxd5 Qd7 25. Qb4 g5 26. Bc3 g4 27. Nd2 Qf7 28. d4 Ne4 (28... exd4 $11 29. Bxd4 Ne7) 29. dxe5 $16 (29. Nxe4 fxe4 30. Be1 Qxd5 $11) 29... Nxc3 30. Qxc3 Bxe5 (30... dxe5 $14 31. Qc6 f4) 31. Qd3 (31. Qc4 $142) 31... Ne7 32. Rxf8+ Qxf8 33. Nc4 (33. Qc2 $16 Qc8 34. h3) 33... Bg7 34. e3 Qa8 35. h4 Qa1+ 36. Kh2 Qe1 37. Qc2 Qb4 (37... Qc3 {keeps more tension.} 38. Qa2) 38. Nd2 (38. e4 {feels hotter.} f4 39. gxf4 h5 40. e5 dxe5 41. Qe4) 38... Qc3 39. Qxc3 Bxc3 $11 {[%mdl 4096] Endgame KBN-KBN} 40. Nc4 Kg7 41. Kg1 Kf6 42. Kf1 Bb4 43. Ke2 Nc8 44. Nb2 Na7 45. Nd3 (45. Kd3 $1 $15) 45... Ba3 (45... Ba5 $17 46. Nc1 Nxb5) 46. Nf4 Nxb5 47. Kd3 Bc5 48. Ne6 c6 49. Nxc5 dxc5 50. dxc6 {KB-KN} Ke6 51. e4 fxe4+ 52. Kxe4 Kd6 53. Kf5 (53. f3 $11 {remains equal.}) 53... c4 $1 $17 54. Kg6 (54. Ke4 $17) 54... Nd4 $19 55. Kxh6 Nf3 $2 (55... Nxc6 56. Kg5 $11) (55... b5 $19 56. Be4 b4) 56. Bf1 $1 $11 {[%cal Rf1c4]} b5 57. Kg7 $2 {[%mdl 8192]} (57. h5 $11 c3 58. Bd3) 57... Nd4 $2 ({Black should play} 57... c3 $19 58. Bd3 b4) 58. h5 $16 {aiming for Kf6.} c3 ({Not} 58... Kxc6 $2 59. Kf6 $18) 59. Bd3 b4 {[%cal Bb5b4,Bb4b3][%mdl 32]} ({Avoid the trap} 59... c2 $2 {[#]} 60. Bxc2 $1 {[%mdl 512]} b4 61. h6 $1 $18) 60. h6 b3 61. h7 ({Worse is} 61. c7 Kxc7 62. h7 c2 $17) 61... c2 {Threatens to win with ...Ne6+.} 62. h8=Q Ne6+ $2 {[%mdl 8192]} (62... c1=Q $16) 63. Kf6 $2 (63. Kf7 {White threatens Qf6! and mate.} c1=Q 64. Qf6) 63... c1=Q $18 {( -> ...Qc3+)} 64. Qb8+ {[%mdl 64] Double Attack} Nc7 65. Qxb3 Qh6+ 66. Kf7 Qh5+ 67. Bg6 Qc5 68. Qd3+ Nd5 $2 (68... Kxc6 $18 69. Be4+ Kb6) 69. Be4 {White mates.} Qxf2+ 70. Kg8 Qc5 71. Qxd5+ Qxd5+ 72. Bxd5 {Never resign too early!  Weighted Error Value: White=0.32/Black=0.31} 1-0

[Event "African Online-ch Open 2021"]
[Site "Online"]
[Date "2021.02.01"]
[Round "3.13"]
[White "Singe, Philip Mbawala"]
[Black "Abdelazeez, Mohamed Abdalla"]
[Result "0-1"]
[WhiteElo "1857"]
[BlackElo "2214"]
[Annotator "TA"]
[PlyCount "68"]
[EventDate "2021.02.01"]
[EventType "swiss"]
[EventCountry "NET"]
[SourceTitle "playchess.com"]
[Source "ChessBase"]
[SourceQuality "1"]

{[%evp 17,67,-51,-32,-81,-76,-150,-44,-46,-47,-95,-56,-148,-145,-105,-92,-107,-70,-61,-52,-37,-37,-52,-64,-227,-199,-242,-252,-283,-250,-422,-441,-435,-416,-422,-414,-372,-250,-245,-248,-967,-956,-937,-932,-1050,-759,-1271,-1210,-2392,-2259,-29998,-29999,-29999]} 1. e4 c5 2. Nf3 Nc6 3. d4 cxd4 4. Nxd4 g6 5. Be3 Bg7 6. Nc3 Nf6 7. f3 O-O 8. Qd2 d5 9. Nxc6 bxc6 10. exd5 {B34: Sicilian: Accelerated Dragon with 5 Nc3: sidelines.} cxd5 11. Bh6 {[#]} (11. O-O-O $142) 11... Rb8 (11... Bxh6 $1 $17 12. Qxh6 Qb6) 12. Bxg7 $15 {Black is slightly better.} Kxg7 {[#]} 13. b3 $146 ({Predecessor:} 13. O-O-O Be6 14. Qd4 Qa5 15. Qa4 Qb6 16. b3 Rfc8 17. Kb2 Rc5 18. Rd2 Rbc8 19. Nd1 {1-0 (46) Zoltan,L (1955)-Csorsz,F (2050) Hungary 2015}) 13... Qa5 14. Nb1 (14. Be2 $15) 14... Qc5 15. Bd3 e5 {aiming for ...e4.} 16. Qf2 Qxf2+ (16... Qb4+ {with more complications.} 17. c3 Qa5 18. O-O Rxb3 19. Re1 Re8) 17. Kxf2 e4 18. Be2 Bf5 19. c4 d4 $36 {[%cal Bd5d4,Bd4d3][%mdl 2080] Threatens to win with ...e3+. Black is more active.} 20. fxe4 {Now White is beyond hope.} ({White should play} 20. Rd1 $15) 20... Nxe4+ $19 21. Ke1 Rfe8 22. Rf1 d3 23. Bf3 (23. Bxd3 {was necessary.} Ng3+ 24. Kf2 Bxd3 25. hxg3 Bxf1 26. Kxf1) 23... Ng3+ $1 {[%mdl 64] Discovered Attack} 24. Kf2 Nxf1 25. Kxf1 g5 26. h3 Re3 27. Nd2 Rbe8 28. Kf2 $2 {[#]} (28. Rd1) 28... Re2+ $1 {[%mdl 512]} 29. Bxe2 Rxe2+ {[%mdl 64] Double Attack} ({Worse is} 29... dxe2 30. Re1 $14) 30. Kf3 Rxd2 {KRB-KR} 31. g4 Bg6 32. Ke3 Re2+ 33. Kf3 Be4+ 34. Kg3 Rg2# {Weighted Error Value: White=1.39/Black=0.36} 0-1

[Event "African Online-ch Open 2021"]
[Site "Online"]
[Date "2021.02.01"]
[Round "3.14"]
[White "Njoroge Martin"]
[Black "Simoes, Joao"]
[Result "1/2-1/2"]
[WhiteElo "1965"]
[BlackElo "2228"]
[Annotator "TA"]
[PlyCount "99"]
[EventDate "2021.02.01"]
[EventType "swiss"]
[EventCountry "NET"]
[SourceTitle "playchess.com"]
[Source "ChessBase"]
[SourceQuality "1"]

{[%evp 9,99,-23,-20,-37,-22,-35,-25,-48,-4,-19,0,-18,-2,-9,0,-8,-7,-12,3,-22,-33,-30,-16,-26,-31,-53,-70,-183,-47,-61,0,0,0,-88,24,-47,-52,-55,-10,-11,0,0,76,70,82,0,0,0,29,0,43,0,0,-2,0,0,2,8,19,0,0,0,0,0,0,0,0,0,0,0,0,0,0,0,0,0,131,120,107,10,14,0,0,0,0,0,0,0,0,0,0,0]} 1. Nf3 d5 2. g3 c5 3. Bg2 Nc6 4. O-O e5 5. d3 Bd6 6. Nbd2 {A08: King's Indian Attack.} Nge7 7. e4 d4 8. a4 {Black has an edge.} h6 9. Nc4 Bc7 10. c3 Be6 11. cxd4 {[#]} exd4 $146 ({Predecessor:} 11... cxd4 12. Bd2 a6 13. Ne1 g5 14. b4 b5 15. axb5 axb5 16. Na3 Rb8 17. Rc1 Bd6 {½-½ (63) Maki,V (2410)-Nadanian,A (2325) Yerevan 1996}) 12. b3 Qd7 13. Ne1 g5 14. f4 gxf4 15. Bxf4 Bxf4 16. Rxf4 Ng6 17. Rf1 h5 18. h4 ({White should try} 18. e5 $15) 18... Nge5 (18... Qc7 $19 19. Qf3 O-O-O) 19. Nf3 $15 Nxf3+ (19... Ng4 $15) 20. Qxf3 $11 O-O-O 21. a5 (21. Kh2 $11 {remains equal.}) 21... Qc7 (21... Rdg8 $1 $17 {White must now prevent ...Rg6.} 22. e5 Bxc4 23. bxc4 Nxe5) 22. Qf4 (22. e5 $1 $11) 22... Rhg8 23. Kh2 Qxf4 (23... Rg7 {looks sharper.} 24. Bf3 Nb4 25. Qxc7+ Kxc7 26. Be2 Rdg8) 24. Rxf4 Kc7 25. Bh3 Bxc4 (25... Rg7 $11) 26. bxc4 $16 Ne5 {[#]} 27. Rd1 (27. Rf5 $1 $16 {[%cal Rf5e5]} f6 28. Rxh5) 27... Rde8 $11 28. Rf5 Rh8 29. Rb1 Re7 30. Rb3 Rh6 31. Kg2 f6 32. Rf1 Rhh7 33. Rxf6 {Hoping for Rf8.} Rhf7 (33... Ref7 $5 {[%cal Rf7f6]} 34. Rf4 Rhg7 $11) 34. Rxf7 (34. Rf4 {is interesting.} Ng6 35. Rf5 Rxf5 36. exf5 Ne5 37. Kf2) 34... Rxf7 {[%mdl 4096] Endgame KRB-KRN} 35. Bf5 Rf8 36. Kh3 Rg8 37. Be6 Rg6 38. Bf5 Rg8 39. Be6 Rg6 40. Bf5 Rg7 41. Ra3 Kd6 42. Rb3 Rc7 (42... Kc7 $11) 43. g4 $16 hxg4+ {[#]} 44. Bxg4 ({Better is} 44. Kg3 $1 $16) 44... Rg7 $11 {The position is equal.} 45. Bf5 Nf3 46. h5 Ng1+ 47. Kh4 {aiming for Bg4.} Nf3+ 48. Kh3 Ng1+ 49. Kh4 {Strongly threatening Bg4.} Nf3+ 50. Kh3 {Weighted Error Value: White=0.21/Black=0.24} 1/2-1/2

[Event "African Online-ch Open 2021"]
[Site "Online"]
[Date "2021.02.01"]
[Round "3.15"]
[White "Meftahi, Houssem"]
[Black "Likoko, Elvis"]
[Result "0-1"]
[WhiteElo "2110"]
[BlackElo "1646"]
[Annotator "TA"]
[PlyCount "44"]
[EventDate "2021.02.01"]
[EventType "swiss"]
[EventCountry "NET"]
[SourceTitle "playchess.com"]
[Source "ChessBase"]
[SourceQuality "1"]

{[%evp 21,44,24,23,-31,16,-100,8,-12,0,-29,-28,-39,-24,-310,-303,-579,-541,-676,-674,-616,-505,-490,-507,-857,-834]} 1. e4 c5 2. Nf3 e6 3. d4 cxd4 4. Nxd4 a6 5. Nc3 Qc7 6. Be3 Nf6 7. Bd3 b5 8. a3 Bb7 9. O-O Nc6 10. Nxc6 Qxc6 11. Qe2 Be7 12. Rad1 {B48: Sicilian: Taimanov: 5 Nc3 Qc7 6 Be3 a6 without Be2.} (12. f4 $11) 12... O-O (12... Bxa3 $5 13. Nxb5 Bxb2 $11) 13. f4 {[#]} (13. Bd4 $11) 13... Bc5 $146 (13... Bxa3 $1 $17 14. Nxb5 (14. bxa3 Qxc3) 14... Bxb2) ({Predecessor:} 13... b4 14. axb4 Bxb4 15. Nb1 Bc5 16. Bxc5 Qxc5+ 17. Kh1 d5 18. e5 Ne4 19. Nd2 {½-½ (19) Tompa,J (2395)-Gerstner,W (2380) Germany 2004}) 14. Rf3 {The position is equal.} d5 {[%cal Rd5e4]} 15. exd5 (15. e5 $5 {[%cal Re5f6]} Ne4 16. Bxc5 Qxc5+ 17. Kf1 $11) 15... exd5 16. Bxc5 $1 Qxc5+ 17. Kh1 $2 {[%mdl 8192] [#] Loses the game.} (17. Qf2 $1 $11 {and White is okay.} Qxf2+ 18. Rxf2) 17... d4 $1 $19 {[%csl LRc3,LRf3]} 18. Be4 {[#]} (18. Qf2 {was worth a try.} Rac8 19. Ne2 Bxf3 20. gxf3) 18... Rfe8 $1 {Black is clearly winning.} 19. b4 (19. Bxb7 Rxe2) 19... Qb6 20. Bxb7 Qxb7 21. Qd2 dxc3 22. Rxc3 (22. Qxc3 $142 Ne4 23. Qe1) 22... Ne4 {[%mdl 64] Double Attack.  Weighted Error Value: White=1.23/Black=0.30} 0-1

[Event "African Online-ch Open 2021"]
[Site "Online"]
[Date "2021.02.01"]
[Round "3.17"]
[White "Pascoal, Eduardo A"]
[Black "Simpson, Michael M"]
[Result "0-1"]
[WhiteElo "2184"]
[BlackElo "1995"]
[Annotator "TA"]
[PlyCount "110"]
[EventDate "2021.02.01"]
[EventType "swiss"]
[EventCountry "NET"]
[SourceTitle "playchess.com"]
[Source "ChessBase"]
[SourceQuality "1"]

{[%evp 10,110,10,-8,-3,-21,-8,-12,3,-2,1,-27,-13,-15,6,0,0,0,54,50,47,17,26,0,0,0,108,23,32,0,9,0,0,0,0,0,0,0,0,0,0,0,23,23,29,0,0,0,0,0,0,0,0,0,0,0,0,0,0,0,0,-216,-212,-999,-966,-2101,-2073,-12835,-12835,-12837,-12837,-12837,-12838,-12838,-12839,-12839,-12839,-12840,-12840,-12841,-12841,-12842,-12843,-12844,-12844,-12845,-12845,-12846,-12847,-27999,-27999,-27999,-27999,-27999,-27999,-27999,-27999,-27999,-27999,-27999,-27999,-27999,-27999]} 1. d4 d5 2. Nf3 Bf5 3. Bf4 e6 4. e3 Bd6 5. Bg3 Nf6 6. Nbd2 O-O {D02: 1 d4 d5 2 Nf3 sidelines, including 2...Nf6 3 g3 and 2...Nf6 3 Bf4.} 7. Ne5 Nbd7 8. Bd3 {[#]} Ne4 $146 {The position is equal.} ({Predecessor:} 8... Bxe5 9. dxe5 Ng4 10. Bxf5 exf5 11. Nf3 Qe7 12. Qxd5 Nc5 13. h3 Nxe3 14. fxe3 Ne4 {0-1 (27) Gochelashvili,D (2432)-Morozevich,A (2676) Sochi 2017}) 9. Nxd7 Qxd7 10. Nf3 h6 11. c3 Bg4 {[#]} 12. Ne5 $1 Bxe5 13. Qxg4 Nf6 14. Qf3 Bd6 15. Bf4 Bxf4 16. exf4 Rac8 17. g4 Nh7 (17... c5 $11) 18. g5 ({Better is} 18. h4 $16) 18... hxg5 $11 19. Bxh7+ Kxh7 20. Qh5+ Kg8 21. fxg5 e5 22. dxe5 Qf5 23. O-O Qxe5 24. Rae1 {[%cal Ba1e1,Be1e3,Be3e6][%mdl 32]} Qf5 25. Re3 Qg6 (25... Rce8 {seems wilder.} 26. Rh3 f6 27. gxf6 Qxh5 28. Rxh5 Rxf6 29. Rxd5 Re2) 26. Qxg6 fxg6 {[%mdl 4096] Endgame KRR-KRR} 27. Re6 Rce8 28. Rfe1 Kf7 29. R6e5 c6 30. Kg2 Rxe5 31. Rxe5 Re8 32. Rxe8 Kxe8 {KP-KP} 33. Kf3 Ke7 34. Kg4 Ke6 35. f4 $2 {[#] White is on the road to losing.} (35. Kf4 $11 {and White stays safe.}) 35... c5 $1 $19 36. h4 $2 (36. a4) 36... d4 37. cxd4 cxd4 38. b4 b5 39. a3 a6 40. Kg3 Kf5 41. Kf3 d3 42. Ke3 d2 $1 {[%cal Rd2d1][%mdl 64] Deflection} 43. Kxd2 Kxf4 44. Kd3 Kg4 45. Kd4 Kxh4 46. Kc5 Kxg5 47. Kb6 Kf5 48. Kxa6 g5 49. Kxb5 {KPP-KPP} g4 {Black mates.} 50. a4 g3 51. a5 g2 52. a6 g1=Q 53. a7 Qxa7 {( -> ...g5)} 54. Kc6 Qa6+ 55. Kc5 Qb7 {Weighted Error Value: White=0.63/Black=0.09} 0-1

[Event "African Online-ch Open 2021"]
[Site "Online"]
[Date "2021.02.01"]
[Round "3.18"]
[White "Hamzaoui, Khalil"]
[Black "Fernandes, Avelino"]
[Result "1-0"]
[WhiteElo "1883"]
[BlackElo "1887"]
[Annotator "NA RC"]
[PlyCount "113"]
[EventDate "2021.02.01"]
[EventType "swiss"]
[EventCountry "NET"]
[SourceTitle "playchess.com"]
[Source "ChessBase"]
[SourceQuality "1"]
[TimeControl "1500+10"]

1. d4 {[%emt 0:00:00]} f5 {[%emt 0:00:06]} 2. Nc3 {[%emt 0:00:30]} e6 {[%emt 0:00:27]} 3. e4 {[%emt 0:00:07]} fxe4 {[%emt 0:00:10]} 4. Nxe4 {[%emt 0:00:05]} Nf6 {[%emt 0:02:27]} 5. Nxf6+ {[%emt 0:00:10]} Qxf6 {[%emt 0:00:04]} 6. Nf3 {[%emt 0:00:02]} Nc6 {[%emt 0:00:18]} 7. Bg5 {[%emt 0:00:41]} Qf7 {[%emt 0:00:15]} 8. Qd2 {[%emt 0:00:17]} Bd6 {[%emt 0:00:12]} 9. O-O-O {[%emt 0:00:18]} O-O {[%emt 0:00:25]} 10. Kb1 {[%emt 0:00:12]} h6 {[%emt 0:00:13]} 11. Be3 {[%emt 0:00:07]} Nb4 {[%emt 0:00:20]} 12. Ne5 {[%emt 0:04:22]} Qf6 {[%emt 0:04:12]} 13. g4 {[%emt 0:00:52]} Nd5 {[%emt 0:02:05]} 14. g5 {[%emt 0:00:02]} hxg5 {[%emt 0:00:05]} 15. Bxg5 {[%emt 0:00:04]} Qxf2 {[%emt 0:00:02]} 16. Be2 {[%emt 0:00:51]} Nf4 {[%emt 0:00:09] [#]} 17. Rde1 $1 {[%emt 0:05:35]} c5 {[%emt 0:00:27]} 18. Rhf1 {[%emt 0:00:06]} Qxd4 {[%emt 0:00:05]} 19. Qxd4 {[%emt 0:02:32]} cxd4 {[%emt 0:00:05]} 20. Bxf4 {[%emt 0:00:10]} Rxf4 {[%emt 0:00:07]} 21. Rxf4 {[%emt 0:01:17]} Bxe5 {[%emt 0:00:04]} 22. Rg4 {[%emt 0:00:07]} Bf6 {[%emt 0:00:09]} 23. h4 {[%emt 0:00:10]} (23. Rf1 $5 {[%cal Rf1f6]} Kf7 24. Rxd4 $14) 23... d6 {[%emt 0:00:12]} 24. h5 {[%emt 0:00:22]} e5 {[%emt 0:00:03]} 25. Bc4+ {[%emt 0:00:06]} Kh8 {[%emt 0:00:08]} 26. Rg2 {[%emt 0:00:20]} Bd7 {[%emt 0:00:05]} 27. h6 {[%emt 0:00:16]} g5 {[%emt 0:00:20]} 28. Rf2 {[%emt 0:00:20]} Be7 {[%emt 0:00:25]} 29. Rf7 {[%emt 0:00:17]} Re8 {[%emt 0:00:03]} 30. Bd3 {[%emt 0:00:46]} Be6 {[%emt 0:00:10]} 31. Rh7+ {[%emt 0:00:03]} Kg8 {[%emt 0:00:05]} 32. Rg7+ {[%emt 0:00:01]} Kh8 {[%emt 0:00:03]} 33. Bg6 {[%emt 0:00:03]} Bf6 {[%emt 0:00:19]} 34. Bxe8 {[%emt 0:00:07]} Bxg7 {[%emt 0:00:02]} 35. hxg7+ {[%emt 0:00:02]} Kxg7 {[%emt 0:00:02]} 36. Kc1 {[%emt 0:01:04]} Bf5 {[%emt 0:00:12]} 37. Rf1 {[%emt 0:00:28]} Bh3 {[%emt 0:00:09]} 38. Rf7+ {[%emt 0:00:04]} Kh6 {[%emt 0:00:02]} 39. Rf6+ {[%emt 0:00:15]} Kh7 {[%emt 0:00:04]} 40. Rxd6 {[%emt 0:00:18]} Bg2 {[%emt 0:00:20]} 41. Rg6 {[%emt 0:00:46]} Bc6 {[%emt 0:00:05]} 42. Rxg5 {[%emt 0:00:27]} Bxe8 {[%emt 0:00:04]} 43. Rxe5 {[%emt 0:00:01]} Bc6 {[%emt 0:00:01]} 44. Kd2 {[%emt 0:00:08]} Kg6 {[%emt 0:00:02]} 45. Kd3 {[%emt 0:00:02]} Kf6 {[%emt 0:00:05]} 46. Kxd4 {[%emt 0:00:01]} a6 {[%emt 0:00:01]} 47. Re1 {[%emt 0:00:23]} Kf5 {[%emt 0:00:06]} 48. c3 {[%emt 0:00:10]} a5 {[%emt 0:00:09]} 49. a3 {[%emt 0:00:04]} a4 {[%emt 0:00:02]} 50. Kc5 {[%emt 0:00:02]} Kf6 {[%emt 0:00:06]} 51. Kb6 {[%emt 0:00:28]} Kf5 {[%emt 0:00:04]} 52. c4 {[%emt 0:00:04]} Kf6 {[%emt 0:00:03]} 53. c5 {[%emt 0:00:01]} Kf5 {[%emt 0:00:03]} 54. Re2 {[%emt 0:00:16]} Kf6 {[%emt 0:00:04]} 55. Re3 {[%emt 0:00:06]} Kf5 {[%emt 0:00:03]} 56. Re7 {[%emt 0:00:02]} Kf6 {[%emt 0:00:02]} 57. Rxb7 {[%emt 0:00:02]} 1-0

[Event "African Online-ch Open 2021"]
[Site "Online"]
[Date "2021.02.01"]
[Round "3.19"]
[White "Mosutha, Thuso"]
[Black "Strovsky, Mikhail"]
[Result "1-0"]
[WhiteElo "2036"]
[BlackElo "2164"]
[Annotator "RC"]
[PlyCount "91"]
[EventDate "2021.02.01"]
[EventType "swiss"]
[EventCountry "NET"]
[SourceTitle "playchess.com"]
[Source "ChessBase"]
[SourceQuality "1"]
[TimeControl "1500+10"]

1. e4 {[%emt 0:00:00]} e5 {[%emt 0:00:04]} 2. Nf3 {[%emt 0:00:08]} Nf6 {[%emt 0:00:02]} 3. Nc3 {[%emt 0:00:31]} Bb4 {[%emt 0:00:04]} 4. Nxe5 {[%emt 0:00:17]} O-O {[%emt 0:00:05]} 5. Nf3 {[%emt 0:01:01]} Re8 {[%emt 0:00:27]} 6. e5 {[%emt 0:00:29]} d6 {[%emt 0:00:22]} 7. Bb5 {[%emt 0:01:29]} c6 {[%emt 0:00:29]} 8. Bc4 {[%emt 0:01:59]} dxe5 {[%emt 0:01:26]} 9. O-O {[%emt 0:00:15]} h6 {[%emt 0:00:47]} 10. a3 {[%emt 0:00:18]} Ba5 {[%emt 0:01:09]} 11. h3 {[%emt 0:00:18]} Bc7 {[%emt 0:00:49]} 12. Re1 {[%emt 0:00:12]} Nbd7 {[%emt 0:00:30]} 13. d3 {[%emt 0:00:06]} Nb6 {[%emt 0:01:23]} 14. Bb3 {[%emt 0:01:46]} Bf5 {[%emt 0:02:20]} 15. Nh4 {[%emt 0:03:35]} Bh7 {[%emt 0:04:43]} 16. Qf3 {[%emt 0:00:15]} Nbd5 {[%emt 0:01:03]} 17. Nf5 {[%emt 0:07:58]} Bxf5 {[%emt 0:04:21]} 18. Qxf5 {[%emt 0:00:04]} Nxc3 {[%emt 0:00:21]} 19. bxc3 {[%emt 0:00:05]} Qd7 {[%emt 0:01:09]} 20. Qxd7 {[%emt 0:00:55]} Nxd7 {[%emt 0:00:06]} 21. Be3 {[%emt 0:00:05]} Nf6 {[%emt 0:00:45]} 22. Reb1 {[%emt 0:00:15]} b6 {[%emt 0:01:10]} 23. Ba4 {[%emt 0:01:47]} b5 {[%emt 0:01:57]} 24. Bb3 {[%emt 0:00:04]} a6 {[%emt 0:00:28]} 25. c4 {[%emt 0:00:04]} Rab8 {[%emt 0:01:20]} 26. cxb5 {[%emt 0:00:05]} cxb5 {[%emt 0:00:26]} 27. a4 {[%emt 0:00:17]} b4 {[%emt 0:00:18]} 28. a5 {[%emt 0:00:10]} Red8 {[%emt 0:00:23]} 29. Bc4 {[%emt 0:00:05]} Rd6 {[%emt 0:00:34]} 30. Bc5 {[%emt 0:00:15]} Rc6 {[%emt 0:00:09]} 31. Bxb4 {[%emt 0:00:11]} Rc8 {[%emt 0:00:12]} 32. Bd2 {[%emt 0:00:21]} e4 {[%emt 0:00:07]} 33. Rb7 {[%emt 0:00:21]} exd3 {[%emt 0:00:08]} 34. cxd3 {[%emt 0:00:04]} Ne8 {[%emt 0:00:08]} 35. Bb4 {[%emt 0:00:19]} Rb8 {[%emt 0:00:13]} 36. Rxb8 {[%emt 0:00:16]} Bxb8 {[%emt 0:00:02]} 37. Re1 {[%emt 0:00:03]} Nc7 {[%emt 0:00:46]} 38. g3 {[%emt 0:00:14]} Ne6 {[%emt 0:00:10]} 39. Kg2 {[%emt 0:00:26]} Kh7 {[%emt 0:00:11]} 40. Bd5 {[%emt 0:00:29]} Rc2 {[%emt 0:00:07]} 41. d4 {[%emt 0:01:42]} Rb2 {[%emt 0:00:17]} 42. Bc3 {[%emt 0:00:06]} Rb5 {[%emt 0:00:08]} 43. Bc4 {[%emt 0:00:13]} Rg5 {[%emt 0:00:10]} 44. Bxa6 {[%emt 0:00:17]} Nf4+ {[%emt 0:00:05]} 45. Kh2 {[%emt 0:00:06]} Nd3 {[%emt 0:00:03]} 46. Bxd3+ {[%emt 0:00:05]} 1-0

[Event "African Online-ch Open 2021"]
[Site "Online"]
[Date "2021.02.01"]
[Round "3.20"]
[White "Vermaak, Ashley Christopher"]
[Black "Ebersohn, Raymond Gerhard"]
[Result "1-0"]
[WhiteElo "1751"]
[BlackElo "1726"]
[Annotator "NA RC"]
[PlyCount "49"]
[EventDate "2021.02.01"]
[EventType "swiss"]
[EventCountry "NET"]
[SourceTitle "playchess.com"]
[Source "ChessBase"]
[SourceQuality "1"]
[TimeControl "1500+10"]

1. d4 {[%emt 0:00:00]} Nf6 {[%emt 0:00:10]} 2. c4 {[%emt 0:00:05]} g6 {[%emt 0:00:20]} 3. Nc3 {[%emt 0:00:06]} d5 {[%emt 0:00:08]} 4. Nf3 {[%emt 0:00:04]} Bg7 {[%emt 0:00:04]} 5. Qb3 {[%emt 0:00:04]} dxc4 {[%emt 0:00:03]} 6. Qxc4 {[%emt 0:00:02]} O-O {[%emt 0:00:01]} 7. e4 {[%emt 0:00:02]} a6 {[%emt 0:00:02]} 8. Be2 {[%emt 0:02:15]} b5 {[%emt 0:00:09]} 9. Qb3 {[%emt 0:00:37]} Bb7 {[%emt 0:00:10]} 10. e5 {[%emt 0:00:54]} Nd5 {[%emt 0:00:11]} 11. O-O {[%emt 0:00:09]} e6 {[%emt 0:00:43]} 12. Bg5 {[%emt 0:01:16]} Qd7 {[%emt 0:00:05]} 13. a4 {[%emt 0:00:18]} Nxc3 {[%emt 0:00:10]} 14. bxc3 {[%emt 0:01:30]} Bd5 {[%emt 0:00:04]} 15. c4 {[%emt 0:01:32]} bxc4 {[%emt 0:01:03]} 16. Bxc4 {[%emt 0:00:04]} Bxf3 {[%emt 0:01:43]} 17. Qxf3 {[%emt 0:00:06]} Nc6 {[%emt 0:00:15]} 18. Bf6 {[%emt 0:02:04]} Nxd4 {[%emt 0:03:44]} 19. Qd3 {[%emt 0:00:05]} a5 {[%emt 0:00:39]} 20. Rfd1 {[%emt 0:04:23]} c5 {[%emt 0:00:40]} 21. Bb5 {[%emt 0:01:22]} Qc7 {[%emt 0:00:06]} 22. Rac1 {[%emt 0:00:16]} Nxb5 {[%emt 0:00:10]} 23. Qxb5 {[%emt 0:00:13]} Rfc8 {[%emt 0:00:06]} 24. Rd7 {[%emt 0:01:39]} Qc6 {[%emt 0:02:15]} 25. Rd8+ {[%emt 0:02:51]} 1-0

[Event "African Online-ch Open 2021"]
[Site "Online"]
[Date "2021.02.01"]
[Round "3.21"]
[White "Monaheng Motlomelo"]
[Black "Alberto, Manuel"]
[Result "0-1"]
[WhiteElo "1538"]
[BlackElo "2167"]
[Annotator "TA"]
[PlyCount "24"]
[EventDate "2021.02.01"]
[EventType "swiss"]
[EventCountry "NET"]
[SourceTitle "playchess.com"]
[Source "ChessBase"]
[SourceQuality "1"]

{[%evp 12,24,27,0,46,16,23,16,4,-25,0,-52,-55,-54,105]} 1. e4 c5 2. Nf3 d6 3. d4 cxd4 4. Nxd4 Nf6 5. Nc3 a6 6. Bg5 Nbd7 7. Be2 Qb6 {B94: Sicilian Najdorf: 6 Bg5 Nbd7.} 8. Qd2 {[#]} Qxb2 $146 ({Predecessor:} 8... h6 9. Be3 Qc7 10. O-O e6 11. a4 Ne5 12. f3 Nc4 13. Bxc4 Qxc4 14. a5 Bd7 15. Nce2 {0-1 (32) Kirillov,M (1912)-Okrugin,S (2334) Yaroslavl 2018}) 9. Rb1 Qa3 10. O-O e6 11. f4 (11. Nb3 $11) 11... Qc5 $15 {[#] And now ...e5 would win.} 12. Kh1 b5 $2 {[%mdl 32768] Weighted Error Value: White=0.28/Black=0.11. Loss on time!?} (12... Be7 $15 {stays ahead.}) 0-1